000 00971nam0a22002651 4500
001 rc\3463084
005 20250610121838.0
021 _aRU
_b[74-6904]
035 _a(NLR Aleph) 007896596
090 _a8011481
_c8011481
100 _a20130115d1974 |||y0rusy50 ca
101 0 _arus
102 _aRU
105 _ay z |||||
200 1 _aЭффективность использования химических материалов в консервной промышленности
210 _aМосква
_cПищевая пром-сть
_d1974
215 _a44 с.
_d21
320 _aСписок лит.: с. 43 (7 назв.)
606 _aКонсервное производство
_xХимизация
_xЭкономическая эффективность
_2psbo
700 1 _aОводова
_bГ.П.
_gГалина Петровна
801 0 _aRU
_bNLR
_gpsbo
801 1 _aRU
_bELAR
_2rusmarc
852 _aNLR
_j73-6/12958
942 _cBOOK
980 _aNB